Fate/Grand Order All Bosses (Singularities and Lostbelts) - Statistics

General Stats
  • This quiz has been taken 4 times
  • The average score is 71 of 251
Answer Stats
Main Record/Chapter Answer % Correct
2/6 Dracae Water (Mysterious Alter Ego Λ & Kingprotea & Gorgon) & Greater Grail (Dracae True)
100%
1/6 Gawain
100%
1/6 Goddess of Rhongomyniad
100%
1/8 King of Demon Gods - Goetia
100%
1/8 King of Men Goetia
100%
1/7 Kingu
100%
1/7 Tiamat
100%
1/6 Tristan
100%
1.5/4 Amakusa Shirō & Jeanne & Jeanne Alter
75%
2/5 Charlotte Corday & Jason
75%
1/7 Composite Deity Gorgon
75%
2/6 Dragon Corpse of Albion
75%
2/7 Grand Saber (Artoria Caster) & Grand Archer (Super Orion) & Grand Assassin (First Hassan) & Grand Rider (Taigong Wang) & Grand Caster (Merlin) & Grand Lancer (Romulus=Quirinus) & Grand Berserker (Tezcatlipoca)
75%
1.5/4 Jeanne & Jeanne Alter & Jeanne Alter Santa Lily
75%
1/1 | 1/6 Lancelot
75%
2/6 Mélusine
75%
2/6 Mélusine (Crimson Dragon)
75%
1/4 | 1/6 Mordred
75%
2/7 ORT
75%
2/7 ORT (True Body)
75%
2/7 ORT Xibalba
75%
2/6 Queen Morgan
75%
1/8 Solomon
75%
1/4 Solomon (The Four Devoting Pillars)
75%
1/2 Altera
50%
2/0 Anastasia (Grand Duchess)
50%
2/1 Antonio Salieri (Amadeus Alter)
50%
2/5.5 Aphrodite
50%
1/5 Arjuna
50%
1/4 | 1/F Artoria Alter
50%
2/6 Baobhan Sith
50%
2/6 Bargest
50%
2/5.5 Beast of Cherishment
50%
1/7 Benkei & Ushiwakamaru
50%
2/5 Caenis
50%
1/2 Caligula
50%
2/7 Camazotz
50%
1/1 Dark Jeanne
50%
2/7 Daybit Sem Void & Tezcatlipoca
50%
2/5.5 Demeter
50%
2/6 Demon Hound Bargest
50%
2/6 Enshrined Deity Cernunnos
50%
1/7 Gilgamesh
50%
1/1 Gilles de Rais
50%
1/7 Goddess Ishtar
50%
2/5.5 Golden Caenis
50%
Heian-kyō Ibuki Dōji
50%
2/1 Ivan the Terrible
50%
2/6.5 James Moriarty
50%
1.5/1 James Moriarty & Demon God Baal
50%
1.5/1 James Moriarty & Enigma
50%
2/1 Kadoc Zemlupus & Anastasia
50%
2/5.5 Kirschtaria Wodime & Caenis
50%
1/2 Leonidas
50%
1/7 Leonidas I (Blazing Demon Instructor)
50%
2/6 Oberon Vortigern
50%
2/2 Ophelia Phamrsolone & Sigurd
50%
1/6 Ozymandias & Nitocris
50%
1/7 Quetzalcoatl
50%
1/2 Romulus
50%
Heian-kyō Saikyōkami (Taira no Kagekiyo)
50%
1/5 Scáthach
50%
1/F Shadow EMIYA
50%
1.5/3 Shuten Dōji (Saṃghāta Hell Berserker) & Minamoto no Raikō (Kālasūtra Hell Rider)
50%
2/2 Thrúd & Hildr
50%
2/7 U-Olga Marie & Rasputin
50%
Heian-kyō Watanabe no Tsuna & Medea Lily
50%
2/5.5 Zeus
50%
1.5/4 Zhuge Liang (Critic) & Caligula (Theatre Executive Member) & William Shakespeare (Theatre Staff)
50%
1.5/4 Abigail Williams
25%
2/3 Akuta Hinako & Prince of Lan Ling
25%
1.5/3 Amakusa Shirō
25%
1/3 Anne Bonny & Mary Read
25%
2/4 Arjuna Alter
25%
2/6 Arthur Pendragon (Knight of Londinium) & Artoria Caster (Saviour)
25%
2/4 Asclepius
25%
1.5/3 Ashiya Dōman (Great Spirit of Limbo)
25%
2/4 Ashiya Dōman (Limbo)
25%
2/5.5 Ashiya Dōman (Limbo) & Cerberus (Prototype)
25%
1/3 Asterios
25%
1/1 Atalanta
25%
2/1 Atalanta Alter
25%
1/5 Beowulf
25%
2/1 Beowulf & Billy the Kid
25%
1/2 Boudica & Spartacus
25%
1/2 Caesar
25%
2/6 Calamity of Norwich
25%
1/1 Carmilla
25%
1/1 Charles-Henri Sanson
25%
2/5 Charlotte Corday
25%
2/3 Chen Gong & Red Hare
25%
1/1 Chevalier d'Eon & Vlad III
25%
1.5/4 Circe
25%
2/3 Consort Yu & Xiang Yu
25%
1/7 Corrupted Ushiwakamaru
25%
1/F Cú Chulainn
25%
1/2 Darius III
25%
2/6 Da Vichi & Senji Muramasa & Red Hare (Fairy Horse: Red Ra-bbit)
25%
1/7 David (Phantom of the Black Shepherd)
25%
1/3 Demon God Forneus & Medea Lily
25%
1/5 Diarmuid & Fionne
25%
2/5.5 Dioscuri
25%
1/3 Edward Teach
25%
1/1 Elizabeth Báthory & Kiyohime
25%
1.5/1 EMIYA Alter
25%
1/7 Ereshkigal
25%
1/3 Eric Bloodaxe
25%
2/5.5 Europa & Talos
25%
1/5 Fergus
25%
2/6 Fionn mac Cumhaill (Northern Fae General)
25%
1/3 Francis Drake
25%
1/6 Hassan of the Cursed Arm & Arash
25%
1/6 Hassan of the Hundred Faces & Hassan of the Serenity & Hassan of the Cursed Arm
25%
1/3 Hector
25%
1/3 Heracles
25%
2/2 Heracles (Massive Watchman)
25%
1.5/1 Hessian Lobo
25%
Heian-kyō Hyōbikami (Suzuka Gozen) & Saisetsukami (Tawara Tōta)
25%
Heian-kyō Ibaraki Dōji
25%
1/4 Jack the Ripper
25%
1/7 Jaguar Man
25%
1/5 Karna & Thomas Edison & Helena Blavatsky
25%
2/5 | 2/5.5 Kirschtaria Wodime
25%
2/6.5 Kiyohime
25%
1.5/3 Kiyohime & Orochi
25%
1/7 Kiyohime (Left-Out Yohimen)
25%
2/6.5 Kriemhild & Siegfried
25%
2/4 Lakshmibai
25%
1/5 Li Shuwen
25%
2/3 Li Shuwen (Royal Guard Chief)
25%
1/1 Martha
25%
1/5 Medb & Cú Chulainn Alter
25%
1.5/2 Megalos & Christopher Columbus
25%
2/6 Megalos (Chocolate Warrior) & Devil Caren
25%
1.5/3 Mochizuki Chiyome (Assassin Paraíso)
25%
1/4 Nikola Tesla
25%
1/4 Nursery Rhyme
25%
2/1 Oprichnik (Slaughtering Infantry Leader)
25%
1/4 Paracelsus von Hohenheim
25%
1/1 Phantom of the Opera
25%
1.5/1 Phantom of the Opera & Cristine
25%
2/6.5 Popess Johanna & Bradamante
25%
2/5 | 2/7 Poseidon Core & Chiron
25%
2/4 Prince Nezha
25%
2/3 Qin Liangyu
25%
1.5/4 Queen of Sheba
25%
Heian-kyō Rakshasa King - Skull Eboshi Ashiya Dōman
25%
1.5/1 Rama (Macbeth)
25%
2/6 Red Hare (Fairy Horse: Red Ra-bbit)
25%
1.5/4 Rudolph (Phantom of the Opera)
25%
1/6 Serhan & Leonardo Da Vinci
25%
1/F Shadow Medusa
25%
2/5.5 Sherlock Holmes & Miyamoto Musashi
25%
2/3 Shi Huang Di
25%
Heian-kyō Shuten Dōji & Paracelsus
25%
2/3 Spartacus
25%
2/2 Surtr Fenrir
25%
2/7 Tenochtitlan
25%
2/7 Tenochtitlan (Tlaloc)
25%
1.5/3 Tomoe Gozen (Archer Inferno)
25%
2/7 U-Olga Marie
25%
1/1 | 2/6.5 Vlad III
25%
Heian-kyō Watanabe no Tsuna
25%
2/4 William Tell
25%
1.5/2 Wu Zetain & Scheherazade (Caster of Nightless City)
25%
2/3 Xiang Yu
25%
1.5/1 Yan Qing
25%
1/2 Zhuge Liang & Alexander
25%
1/8 Annulment Pit Andromalius
0%
1/8 Armory Halphas
0%
2/5 Astraea
0%
Heian-kyō Babbage
0%
2/6 Baobhan Sith & Beryl Gut
0%
1/7 Bel Laḫmu
0%
2/6 Black Wolf
0%
1/8 Blast Furnace Naberius
0%
2/5 Cerberus
0%
2/5 Cerberus (Prototype)
0%
2/7 Champion Wakchan
0%
1/4 Charles Babbage
0%
1/8 Control Tower Barbatos
0%
2/7 Crimson Vermillion Beni-Enma
0%
1/5 Cú Chulainn Alter
0%
1.5/2 Dahut
0%
2/7 Daybit Sem Void
0%
2/7 Dead Apostle Dinosaur
0%
1/4 Demon God Barbatos
0%
1/2 | 1/8 Demon God Flauros
0%
1/5 Demon God Halphas
0%
1.5/2 Demon God Phenex
0%
1.5/4 Demon God Raum
0%
2/3 Duō Duō Yì Shàn Tank
0%
1/7 Euyale (Gallant Goddess)
0%
1/1 Fafnir
0%
1.5/3 Fūma Kotarō
0%
2/4 Ganesha
0%
2/7 Gugalanna & Ninkigal
0%
1/7 Hail of The Netherworld
0%
1/6 Hassan of the Intoxicated Smoke
0%
1/8 Hospital Sabnock
0%
1/6 Hound of Agravaine
0%
1.5/3 Hōzōin Inshun (Lancer Purgatorio)
0%
1/8 Intelligence Chamber Flauros
0%
2/7 Izcalli
0%
1/6 King of Gods - Amon-Ra
0%
2/7 Kingprotea Alter
0%
2/7 Kingprotea Xochitónal
0%
1/7 Laḫmu
0%
2/7 Mask of Calavera
0%
2/1 Minotaur
0%
2/5.5 Miyamoto Musashi
0%
2/6 Morgan's Soldier
0%
2/6 Morgan's Soldier (Knight Blue Parmesan Cheese)
0%
2/6 Morgan's Soldier (Knight Dantar)
0%
2/6 Morgan's Soldier (Knight Red Dain)
0%
2/6 Mors
0%
1/8 Observatory Forneus
0%
2/5.5 Olympian Soldier
0%
2/2 Ortlinde & Scáthach-Skaði
0%
1.5/2 Penthesilea
0%
1.5/1 Romeo and Juliet
0%
1.5/3 Sasaki Kojirō
0%
1/8 Satellite Amon
0%
2/2 Scandinavian Tree of Emptiness
0%
2/4 Scandinavia Peperoncino & Aśvatthāman & Tree of Emptiness Spiral
0%
2/6 Spriggan (Night Call Unknown)
0%
2/5 Super Orion
0%
2/6 Super Reindeer Man (The Chef)
0%
2/6 Taiōki (Woodrose Patrol Squad Captain)
0%
2/5.5 Talos
0%
2/6 Tamamo Cat (Broth-chan)
0%
2/6 Tamamo Cat (Chrysanthemum-chan)
0%
2/7 Tenochtitlan (Huitzilopochtli)
0%
2/7 The Devil's Tochtli
0%
2/3 Tree of Emptiness Mayall
0%
2/1 Tree of Emptiness Orochi
0%
2/6 Woodrose
0%
1.5/3 Yagyū Munenori (Saber Empyrio)
0%
2/6.5 Zhang Jue
0%
1/7 Zhuge Liang (Kong Ming's Senior)
0%
No matching quizzes found
Score Distribution
Percent of People with Each Score
Percentile by Number Answered
Your Score History
You have not taken this quiz